[Event "Horse and Buggy 2 U2000"]
[Site "Elmira CAN"]
[Date "2022.09.10"]
[Round "3.20"]
[White "Guan, Marie"]
[Black "Armstrong, Robert J"]
[Result "0-1"]
[WhiteElo "964"]
[BlackElo "1595"]
[PlyCount "74"]
[EventDate "2022.09.10"]
[EventType "swiss"]
[EventRounds "5"]
[EventCountry "CAN"]

1. e4 g6 2. d4 Bg7 3. Nc3 d6 4. Be3 Nf6 5. Qd2 a6 6. Nge2 b5 7. f3 Bb7 8. Ng3
Nbd7 9. Bd3 Rc8 10. O-O O-O 11. f4 Ng4 12. f5 Nxe3 13. Qxe3 c5 14. d5 Bd4 15.
Qxd4 cxd4 16. Nce2 Qb6 17. b3 Ne5 18. Kh1 Nxd3 19. cxd3 Rc2 20. Nf4 Rfc8 21.
Nge2 g5 22. Nh5 Rxe2 23. f6 exf6 24. Nxf6+ Kg7 25. Nh5+ Kf8 26. Nf6 Qd8 27.
Nxh7+ Kg7 28. Nf6 Rcc2 29. Nh5+ Kg6 30. Rf6+ Qxf6 31. Nxf6 Kxf6 32. Rf1+ Kg6
33. Rg1 Bc8 34. h3 Bxh3 35. Kh2 Bxg2 36. Kg3 Re3+ 37. Kg4 Bh3# 0-1

[Event "Horse and Buggy 2 U2000"]
[Site "Elmira CAN"]
[Date "2022.09.11"]
[Round "4.12"]
[White "Gao, Heye"]
[Black "Qian, Ashley"]
[Result "0-1"]
[WhiteElo "1588"]
[BlackElo "1453"]
[PlyCount "108"]
[EventDate "2022.09.10"]
[EventType "swiss"]
[EventRounds "5"]
[EventCountry "CAN"]

1. e4 c5 2. Nf3 d6 3. d4 cxd4 4. Nxd4 Nf6 5. Nc3 a6 6. f3 e5 7. Nb3 Be7 8. Be3
Be6 9. Qd2 h5 10. O-O-O Nbd7 11. Be2 b5 12. f4 exf4 13. Bxf4 b4 14. Nd5 Nxe4
15. Qe3 Bxd5 16. Rxd5 Ndf6 17. Rd4 g6 18. Rxe4 Nxe4 19. Qxe4 O-O 20. Bc4 Kg7
21. Qd4+ Kh7 22. Kb1 a5 23. Qd2 Bf6 24. Bxd6 Be7 25. Bxe7 Qxe7 26. Re1 Qc7 27.
Bd3 Rae8 28. Rf1 Qe5 29. Nc1 a4 30. Qxb4 Rb8 31. Qa3 Rb7 32. Be4 Rbb8 33. Re1
Qb5 34. Nd3 Rfe8 35. Qd6 f5 36. c4 Qa5 37. Rf1 fxe4 38. Rf7+ Kh6 39. c5 Qd2 40.
Qf6 Qxd3+ 41. Kc1 Qc4+ 42. Kd1 Rbd8+ 43. Ke1 Qc1+ 44. Kf2 Qxc5+ 45. Kg3 Qe5+
46. Qxe5 Rxe5 47. h3 e3 48. Kf3 e2 49. g4 e1=Q 50. h4 hxg4+ 51. Kxg4 Rd4+ 52.
Kh3 Qh1+ 53. Kg3 Re3+ 54. Kf2 Qe1+ 0-1

[Event "Horse and Buggy 2 U2000"]
[Site "Elmira CAN"]
[Date "2022.09.11"]
[Round "4.13"]
[White "Supsup, Ferdinand"]
[Black "Xu, Ryan"]
[Result "1-0"]
[WhiteElo "1907"]
[BlackElo "1689"]
[PlyCount "37"]
[EventDate "2022.09.10"]
[EventType "swiss"]
[EventRounds "5"]
[EventCountry "CAN"]

1. d4 d5 2. Nc3 Nf6 3. Bf4 c5 4. e3 Nc6 5. Nb5 e5 6. dxe5 Qa5+ 7. c3 Nd7 8. e6
Nde5 9. exf7+ Kxf7 10. Nf3 Ke6 11. Ng5+ Kf6 12. Qxd5 Bf5 13. Bxe5+ Nxe5 14. f4
Re8 15. h4 Bg6 16. fxe5+ Rxe5 17. Qf3+ Rf5 18. Qxb7 Re5 19. Qc6+ 1-0

[Event "Horse and Buggy 2 U2000"]
[Site "Elmira CAN"]
[Date "2022.09.11"]
[Round "4.15"]
[White "Dunikov, Glib"]
[Black "Li, Triston"]
[Result "1/2-1/2"]
[WhiteElo "1452"]
[BlackElo "1616"]
[PlyCount "87"]
[EventDate "2022.09.10"]
[EventType "swiss"]
[EventRounds "5"]
[EventCountry "CAN"]

1. e4 c5 2. b4 cxb4 3. a3 bxa3 4. d4 e5 5. d5 Nf6 6. Bd3 Bc5 7. Nf3 d6 8. O-O
Bg4 9. Bg5 h6 10. Bh4 Nbd7 11. h3 Bh5 12. Nxa3 g5 13. Bg3 Bxa3 14. Rxa3 a6 15.
c4 Nc5 16. Re1 g4 17. hxg4 Bxg4 18. Bc2 Nh5 19. Bh2 Qf6 20. Ba4+ Ke7 21. Bg3
Nxg3 22. fxg3 b5 23. Bc2 bxc4 24. Rf1 h5 25. Qd2 Qh6 26. Qa5 Rhc8 27. Qc3 Nd3
28. Bxd3 Qe3+ 29. Kh2 Qxd3 30. Qc1 c3 31. Qg5+ Kf8 32. Raa1 Qxe4 33. Qh6+ Kg8
34. Nh4 Qh7 35. Qxd6 Qe4 36. Rae1 Qh7 37. Rxe5 Qg7 38. Nf5 Bxf5 39. Rexf5 c2
40. Rxf7 Qxf7 41. Rxf7 Kxf7 42. Qe6+ Kf8 43. Qf6+ Kg8 44. Qg6+ 1/2-1/2

[Event "Horse and Buggy 2 U2000"]
[Site "Elmira CAN"]
[Date "2022.09.11"]
[Round "4.16"]
[White "Shah, Omar"]
[Black "Knechtel, Tim"]
[Result "1-0"]
[WhiteElo "1856"]
[BlackElo "1607"]
[PlyCount "141"]
[EventDate "2022.09.10"]
[EventType "swiss"]
[EventRounds "5"]
[EventCountry "CAN"]

1. Nf3 d6 2. d4 Nd7 3. e4 e5 4. Bc4 Be7 5. dxe5 Nxe5 6. Nxe5 dxe5 7. Qh5 g6 8.
Qxe5 Nf6 9. Bh6 Rg8 10. h3 Qd6 11. Qxd6 Bxd6 12. Nd2 Be6 13. Bxe6 fxe6 14. Bg5
Kf7 15. O-O-O e5 16. Rhe1 Rge8 17. Nc4 Rad8 18. f3 b5 19. Ne3 Rd7 20. c3 Bc5
21. Rxd7+ Nxd7 22. Rd1 Bd6 23. Nd5 Ke6 24. Kc2 Rf8 25. b4 c6 26. Ne3 Nb6 27.
Kb3 c5 28. bxc5 Bxc5 29. Nd5 Bd6 30. Nxb6 axb6 31. Rd5 Bc5 32. Bh4 Ra8 33. Bg3
Bd6 34. Rxb5 Ra3+ 35. Kb2 Ra6 36. Bf2 Bc7 37. Kb3 g5 38. Rb4 Kd6 39. Rc4 h5 40.
Bg3 Kd7 41. a4 Bd6 42. Bf2 Bc7 43. Be3 Bd8 44. Rb4 Kc6 45. Rb5 Ra5 46. Rb4 Ra6
47. Rc4+ Kd7 48. Rb4 Kc6 49. Bf2 Be7 50. Rb5 Bf6 51. Be3 Kc7 52. c4 Kc6 53. Bd2
h4 54. Bc3 Kd6 55. Rd5+ Ke6 56. a5 Bg7 57. Rb5 bxa5 58. Bxa5 Bf6 59. Rd5 Rc6
60. Kb4 Rc8 61. Kb5 Rb8+ 62. Bb6 Ra8 63. Rd2 Rc8 64. c5 Be7 65. c6 Bd6 66. Ra2
Bc7 67. Bxc7 Rxc7 68. Kb6 Rc8 69. Rd2 Ra8 70. c7 Ke7 71. Kb7 1-0

[Event "Horse and Buggy 2 U2000"]
[Site "Elmira CAN"]
[Date "2022.09.11"]
[Round "4.17"]
[White "Zhang, Daniel"]
[Black "Guliyev, Nadir"]
[Result "1-0"]
[WhiteElo "1610"]
[BlackElo "1530"]
[PlyCount "51"]
[EventDate "2022.09.10"]
[EventType "swiss"]
[EventRounds "5"]
[EventCountry "CAN"]

1. e4 c6 2. d4 d5 3. Nc3 dxe4 4. Nxe4 Bf5 5. Ng3 Bg6 6. N1e2 h6 7. Nf4 Bh7 8.
c3 Nf6 9. Bc4 e5 10. Qb3 exf4 11. Bxf7+ Kd7 12. Qxb7+ Qc7 13. Be6+ Kd8 14. Qxa8
fxg3 15. hxg3 Bd6 16. O-O Re8 17. d5 Rxe6 18. dxe6 Be4 19. Re1 Qb6 20. Bf4 Bxf4
21. gxf4 Bd5 22. e7+ Ke8 23. Rad1 Qc7 24. c4 Nfd7 25. cxd5 Nb6 26. d6 1-0

[Event "Horse and Buggy 2 U2000"]
[Site "Elmira CAN"]
[Date "2022.09.11"]
[Round "4.18"]
[White "Coulthard, Aaron"]
[Black "Khan, Riley"]
[Result "0-1"]
[WhiteElo "1489"]
[BlackElo "1907"]
[PlyCount "58"]
[EventDate "2022.09.10"]
[EventType "swiss"]
[EventRounds "5"]
[EventCountry "CAN"]

1. d4 Nf6 2. Nf3 e6 3. g3 d5 4. Bg2 Be7 5. O-O c5 6. dxc5 O-O 7. c4 Bxc5 8. a3
dxc4 9. Qc2 Qc7 10. Bf4 Qb6 11. Nbd2 c3 12. Qxc3 Nd5 13. Qb3 Nxf4 14. Qxb6
Nxe2+ 15. Kh1 Bxb6 16. Nb3 Nc6 17. Rad1 e5 18. Rfe1 Ned4 19. Nbxd4 exd4 20. b4
Bg4 21. h3 Bxf3 22. Bxf3 Rfe8 23. b5 Na5 24. Bd5 Kf8 25. f4 Re3 26. Rxe3 dxe3
27. Ba2 Rd8 28. Re1 Rd2 29. Bb1 e2 0-1

[Event "Horse and Buggy 2 U2000"]
[Site "Elmira CAN"]
[Date "2022.09.11"]
[Round "4.19"]
[White "Kononenko, Andrei"]
[Black "Chen, Sam"]
[Result "1/2-1/2"]
[WhiteElo "1695"]
[BlackElo "1317"]
[PlyCount "75"]
[EventDate "2022.09.10"]
[EventType "swiss"]
[EventRounds "5"]
[EventCountry "CAN"]

1. e4 e5 2. Nf3 Nc6 3. Nc3 Nf6 4. Bb5 Bb4 5. O-O O-O 6. d3 d6 7. Bd2 Bg4 8. Ne2
Bxd2 9. Qxd2 Bxf3 10. gxf3 Nh5 11. Bxc6 bxc6 12. Kh1 Qh4 13. Ng3 Nf4 14. Rg1
Qh3 15. Qe3 g6 16. Ne2 f5 17. Nxf4 exf4 18. Qe2 Rae8 19. Rae1 fxe4 20. fxe4 Re5
21. f3 Rff5 22. Ref1 Rg5 23. Rg2 Rg3 24. Rff2 Reg5 25. a4 Rxg2 26. Rxg2 Rxg2
27. Qxg2 Qxg2+ 28. Kxg2 h5 29. d4 Kf7 30. b4 a6 31. Kh3 g5 32. Kg2 Kf6 33. h3
d5 34. exd5 cxd5 35. b5 a5 36. c3 Ke6 37. Kh2 Kf5 38. Kg2 1/2-1/2

[Event "Horse and Buggy 2 U2000"]
[Site "Elmira CAN"]
[Date "2022.09.11"]
[Round "4.20"]
[White "Armstrong, Robert J"]
[Black "Kuehl, Scott"]
[Result "0-1"]
[WhiteElo "1595"]
[BlackElo "1713"]
[PlyCount "72"]
[EventDate "2022.09.10"]
[EventType "swiss"]
[EventRounds "5"]
[EventCountry "CAN"]

1. d4 Nf6 2. c4 e5 3. d5 Bc5 4. e3 O-O 5. Bd2 a6 6. b4 Ba7 7. Nc3 d6 8. Bd3 c6
9. Qc2 Bg4 10. h3 Bh5 11. g4 Bg6 12. Ne4 Nxe4 13. Bxe4 cxd5 14. cxd5 Nd7 15.
Nf3 Rc8 16. Qd3 Nb6 17. Ke2 Bxe4 18. Qxe4 Rc4 19. Qd3 e4 20. Qb3 exf3+ 21. Kxf3
Qe7 22. Qd3 Rfc8 23. Rac1 Rxc1 24. Rxc1 Rxc1 25. Bxc1 Qe5 26. e4 Na4 27. Be3
Bxe3 28. Kxe3 Kf8 29. Qd4 g5 30. f3 Qxd4+ 31. Kxd4 f6 32. Ke3 Nc3 33. a3 b5 34.
f4 h6 35. Kd4 Ne2+ 36. Ke3 Nxf4 0-1

[Event "Horse and Buggy 2 U2000"]
[Site "Elmira CAN"]
[Date "2022.09.11"]
[Round "4.21"]
[White "Li, Aiden"]
[Black "Steinhauser, Oscar"]
[Result "1-0"]
[WhiteElo "1273"]
[BlackElo "1594"]
[PlyCount "159"]
[EventDate "2022.09.10"]
[EventType "swiss"]
[EventRounds "5"]
[EventCountry "CAN"]

1. c4 e5 2. g3 Nc6 3. Bg2 Nf6 4. Nc3 Bc5 5. e3 O-O 6. Nge2 d6 7. d4 exd4 8.
exd4 Bb6 9. Bg5 Re8 10. O-O h6 11. Be3 Bg4 12. h3 Bf5 13. a3 Qd7 14. g4 Bh7 15.
c5 Rxe3 16. fxe3 dxc5 17. d5 Ne5 18. e4 Re8 19. Kh1 Nc4 20. Qc1 Nd6 21. Ng3
Ndxe4 22. Ngxe4 Nxe4 23. Qe1 Nxc3 24. Qxc3 Be4 25. Qd2 Re5 26. Bxe4 Rxe4 27.
Rae1 Rd4 28. Qg2 Rxd5 29. Re8+ Qxe8 30. Qxd5 c6 31. Qc4 Qd7 32. Qf4 Bc7 33. Qe3
Bb6 34. Qe2 Bc7 35. Rd1 Qe6 36. Qxe6 fxe6 37. Rd7 Be5 38. b3 b5 39. Rxa7 c4 40.
bxc4 bxc4 41. Re7 Bd6 42. Rxe6 Bxa3 43. Rxc6 Bb2 44. Rxc4 Bf6 45. Rc7 Kh7 46.
Rd7 Kg6 47. Kg2 Kg5 48. Kg3 Kg6 49. Rd5 Kf7 50. Rf5 Kg6 51. Kf3 Kf7 52. Ke4 Ke6
53. Kd3 Kf7 54. Kc4 Ke6 55. Kb3 Kf7 56. Ka4 Ke6 57. Ka5 Ke7 58. Kb6 Kd6 59. Kb7
Kd7 60. Rd5+ Ke6 61. Kc6 Bg5 62. Rd1 Bf6 63. Re1+ Kf7 64. Kd7 Bg5 65. Rh1 Bh4
66. Rf1+ Bf6 67. h4 Kg6 68. Rh1 Bxh4 69. Rxh4 Kg5 70. Rh1 Kxg4 71. Ke6 h5 72.
Ke5 h4 73. Ke4 Kg3 74. Ke3 h3 75. Rg1+ Kh2 76. Kf2 g5 77. Rxg5 Kh1 78. Kg3 h2
79. Rd5 Kg1 80. Rd1# 1-0

[Event "Horse and Buggy 2 U2000"]
[Site "Elmira CAN"]
[Date "2022.09.11"]
[Round "4.22"]
[White "Patil, Tanishq"]
[Black "Guan, Marie"]
[Result "1-0"]
[WhiteElo "1017"]
[BlackElo "964"]
[PlyCount "157"]
[EventDate "2022.09.10"]
[EventType "swiss"]
[EventRounds "5"]
[EventCountry "CAN"]

1. d4 d5 2. Bf4 c5 3. e3 Nc6 4. c3 Bf5 5. Bd3 Bg6 6. Nf3 Qb6 7. b3 e6 8. O-O
Nf6 9. Ne5 Be7 10. Na3 Rc8 11. Nc2 O-O 12. Nxg6 fxg6 13. dxc5 Bxc5 14. c4 Qd8
15. Qe2 e5 16. cxd5 Nxd5 17. Bg3 Nc3 18. Qd2 Bb4 19. Nxb4 Nxb4 20. Bc4+ Rxc4
21. Qxd8 Rxd8 22. bxc4 Nc6 23. Kh1 h5 24. Rfc1 Na4 25. Rd1 Rc8 26. Bh4 Kh7 27.
Rd7 Nc5 28. Rd5 Ne4 29. Rc1 g5 30. Bg3 Nf6 31. Rb5 a6 32. Rd5 Nxd5 33. cxd5 Ne7
34. Rxc8 Nxc8 35. Bxe5 Nb6 36. d6 Kg8 37. Bd4 Nd7 38. e4 Kf7 39. e5 Ke6 40. g3
Nb8 41. f4 g4 42. h4 g6 43. Kg2 Nc6 44. Bc3 b5 45. Kf2 b4 46. Bb2 a5 47. Ke3 a4
48. Kd3 a3 49. Ba1 Kd7 50. Kc4 Ke6 51. Kc5 b3 52. axb3 Na5 53. Kb4 Nc6+ 54.
Kxa3 Kd7 55. Ka4 Ke6 56. Kb5 Kd7 57. e6+ Kxd6 58. Bf6 Na7+ 59. Kb6 Nc8+ 60. Kb7
Ne7 61. Bxe7+ Kxe7 62. Kc7 Kxe6 63. b4 Kd5 64. b5 Ke4 65. b6 Kf3 66. b7 Kxg3
67. b8=Q Kxh4 68. Qd8+ Kh3 69. Qg5 h4 70. Qxg6 g3 71. f5 g2 72. f6 Kh2 73. Qh6
h3 74. Qf4+ Kh1 75. f7 h2 76. f8=Q g1=Q 77. Qf3+ Qg2 78. Qf1+ Qxf1 79. Qxf1#
1-0

[Event "Horse and Buggy 2 U2000"]
[Site "Elmira CAN"]
[Date "2022.09.11"]
[Round "5.12"]
[White "Qian, Ashley"]
[Black "Supsup, Ferdinand"]
[Result "1-0"]
[WhiteElo "1453"]
[BlackElo "1907"]
[PlyCount "143"]
[EventDate "2022.09.10"]
[EventType "swiss"]
[EventRounds "5"]
[EventCountry "CAN"]

1. e4 e6 2. d4 d5 3. Nd2 Nc6 4. Ngf3 Nf6 5. e5 Nd7 6. c3 f6 7. exf6 Qxf6 8. Bd3
Bd6 9. O-O O-O 10. Re1 e5 11. dxe5 Ndxe5 12. Be2 Qh6 13. Nf1 Qg6 14. Qxd5+ Be6
15. Qd1 Rad8 16. Bd2 Bd5 17. Ng3 Bxf3 18. Bxf3 Nxf3+ 19. gxf3 Ne5 20. Re3 Kh8
21. Qe2 Qf7 22. Kg2 Nc4 23. Rd3 Nxb2 24. Rd4 c5 25. Re4 Bxg3 26. fxg3 Rxd2 27.
Qxd2 Qxf3+ 28. Kg1 Qxe4 29. Qxb2 Qe3+ 30. Kg2 Qf3+ 31. Kg1 b6 32. Qd2 h6 33.
Re1 Qf6 34. Kg2 c4 35. Kg1 Rd8 36. Qe3 Qd6 37. Kf2 Qd3 38. Qxd3 Rxd3 39. Re3
Rd2+ 40. Re2 Rd5 41. Re4 Ra5 42. Re2 Ra3 43. Rc2 Ra5 44. Ke3 Rg5 45. Rf2 Kh7
46. Rf4 b5 47. Rf7 a5 48. Rf4 g6 49. g4 h5 50. h3 Kg7 51. a4 bxa4 52. Rxc4 hxg4
53. hxg4 Re5+ 54. Kd3 a3 55. Ra4 Rd5+ 56. Kc2 Kh6 57. Rxa3 Kg5 58. Ra4 Kh4 59.
Rc4 Rg5 60. Ra4 Rc5 61. Rd4 g5 62. Kb3 Kg3 63. c4 Rc8 64. Ka4 Ra8 65. c5 Kf3
66. Kb5 Ke3 67. Ra4 Kf3 68. c6 Kg3 69. c7 Kf3 70. Kc6 Rg8 71. Kb7 Rg7 72. Kb8
1-0

[Event "Horse and Buggy 2 U2000"]
[Site "Elmira CAN"]
[Date "2022.09.11"]
[Round "5.13"]
[White "Gao, Heye"]
[Black "Radford-Paz, Luis"]
[Result "0-1"]
[WhiteElo "1588"]
[BlackElo "1616"]
[PlyCount "108"]
[EventDate "2022.09.10"]
[EventType "swiss"]
[EventRounds "5"]
[EventCountry "CAN"]

1. e4 c6 2. d4 d5 3. exd5 cxd5 4. Bd3 Nc6 5. Nf3 Bg4 6. Be2 Nf6 7. h3 Bh5 8.
Nc3 e6 9. Bf4 Bb4 10. O-O Bd6 11. Qd2 O-O 12. Rad1 Bxf4 13. Qxf4 a6 14. Rfe1
Bxf3 15. Bxf3 b5 16. Ne2 b4 17. Nc1 Rc8 18. Nd3 Nd7 19. Qg4 Qc7 20. Re2 a5 21.
h4 Nf6 22. Qf4 Qxf4 23. Nxf4 Rc7 24. g3 Rfc8 25. Bg2 Ne7 26. Rdd2 Nf5 27. Kh2
Nd6 28. f3 Nc4 29. Rd1 Nxb2 30. Rc1 Na4 31. Rd2 Nd7 32. Bf1 Ndb6 33. Bd3 Rc3
34. Ne2 Ra3 35. Ra1 Nc3 36. Nc1 Nca4 37. Nb3 Nc3 38. Nc1 Nc4 39. Rf2 Rb8 40. f4
a4 41. Rf1 Nb2 42. f5 Nxd3 43. Nxd3 Rxa2 44. fxe6 Rxc2+ 45. Kh3 fxe6 46. Ne5
Rf8 47. Nc6 Rxf1 48. Rxf1 h6 49. Kg4 Ne4 50. Nxb4 Rc4 51. Nd3 Rxd4 52. Ne5 Nd2+
53. Rf4 Rxf4+ 54. Kxf4 a3 0-1

[Event "Horse and Buggy 2 U2000"]
[Site "Elmira CAN"]
[Date "2022.09.11"]
[Round "5.14"]
[White "Xu, Ryan"]
[Black "Dunikov, Glib"]
[Result "0-1"]
[WhiteElo "1689"]
[BlackElo "1452"]
[PlyCount "102"]
[EventDate "2022.09.10"]
[EventType "swiss"]
[EventRounds "5"]
[EventCountry "CAN"]

1. d4 f5 2. Nc3 Nf6 3. Bg5 g6 4. Bxf6 exf6 5. Qd2 d5 6. O-O-O Nc6 7. f3 Bb4 8.
Qe3+ Qe7 9. Nxd5 Qxe3+ 10. Nxe3 O-O 11. Nd5 Bd6 12. e3 Bd7 13. c4 Ne7 14. Nc3
c6 15. Bd3 Rac8 16. Nge2 c5 17. d5 a6 18. a4 Rb8 19. b3 b6 20. g3 Rb7 21. Kc2
Rfb8 22. Ra1 Kf7 23. f4 g5 24. fxg5 fxg5 25. Rhf1 Kg7 26. e4 Rf8 27. Rae1 f4
28. gxf4 gxf4 29. Ng1 Ng6 30. Nf3 Ne5 31. Rg1+ Kf6 32. Ng5 Bg4 33. Ref1 Kxg5
34. h3 h5 35. hxg4 hxg4 36. Kd2 f3 37. Ke3 Ng6 38. e5 Bxe5 39. Ne4+ Kh5 40.
Ng3+ Bxg3 41. Bxg6+ Kxg6 42. Rxg3 Kg5 43. Kf2 Re7 44. Rfg1 Rf4 45. d6 Re2+ 46.
Kf1 Rd2 47. d7 Rxd7 48. Kf2 Re7 49. Rd1 Re2+ 50. Kf1 Kh4 51. Rg1 g3 0-1

[Event "Horse and Buggy 2 U2000"]
[Site "Elmira CAN"]
[Date "2022.09.11"]
[Round "5.15"]
[White "Li, Triston"]
[Black "Zhang, Daniel"]
[Result "1/2-1/2"]
[WhiteElo "1616"]
[BlackElo "1610"]
[PlyCount "90"]
[EventDate "2022.09.10"]
[EventType "swiss"]
[EventRounds "5"]
[EventCountry "CAN"]

1. e4 c5 2. Nf3 d6 3. d4 cxd4 4. Nxd4 Nf6 5. Nc3 a6 6. Be3 e6 7. g4 Be7 8. g5
Nfd7 9. h4 Nc6 10. Qh5 g6 11. Qe2 Nc5 12. O-O-O Qc7 13. f4 b5 14. Nxc6 Qxc6 15.
Bg2 Bb7 16. Rh2 Qc7 17. Bd4 e5 18. fxe5 dxe5 19. Bf2 Na4 20. Nd5 Bxd5 21. exd5
Rc8 22. Bg3 Bd6 23. Bh3 Nc3 24. Qg4 Rd8 25. Rf1 Nxd5 26. Rf3 O-O 27. h5 Nf4 28.
Bxf4 exf4 29. Qh4 Bc5 30. hxg6 fxg6 31. c3 Be3+ 32. Kc2 b4 33. Be6+ Kh8 34. Qh6
bxc3 35. bxc3 Rf7 36. Qh3 Re7 37. Bb3 Rc8 38. c4 Qb7 39. Re2 Qe4+ 40. Kb2 Bd4+
41. Kc1 Qxe2 42. Qxc8+ Re8 43. Qd7 Qb2+ 44. Kd1 Qa1+ 45. Kc2 Qb2+ 1/2-1/2

[Event "Horse and Buggy 2 U2000"]
[Site "Elmira CAN"]
[Date "2022.09.11"]
[Round "5.17"]
[White "Kononenko, Andrei"]
[Black "Li, Aiden"]
[Result "1-0"]
[WhiteElo "1695"]
[BlackElo "1273"]
[PlyCount "63"]
[EventDate "2022.09.10"]
[EventType "swiss"]
[EventRounds "5"]
[EventCountry "CAN"]

1. e4 c5 2. Nc3 g6 3. Bc4 Nc6 4. f4 d6 5. d3 Bg7 6. h3 Nf6 7. Nf3 a6 8. Be3 O-O
9. g4 h5 10. g5 Nd7 11. Nh4 Kh7 12. Ne2 Na5 13. Bb3 Nxb3 14. axb3 Bxb2 15. Rb1
Bg7 16. Ng3 Rh8 17. f5 Nf8 18. Rf1 Qe8 19. Qd2 b5 20. f6 exf6 21. gxf6 Bxf6 22.
Rxf6 Qe7 23. Qf2 Kg7 24. Bg5 Qb7 25. Bf4 Ne6 26. Bd2 b4 27. Bc1 Rf8 28. Bb2 Kh7
29. Nxh5 Ng5 30. Nxg6 Nxh3 31. Nxf8+ Kg8 32. Qg3+ 1-0

[Event "Horse and Buggy 2 U2000"]
[Site "Elmira CAN"]
[Date "2022.09.11"]
[Round "5.18"]
[White "Chen, Sam"]
[Black "Knechtel, Tim"]
[Result "1-0"]
[WhiteElo "1317"]
[BlackElo "1607"]
[PlyCount "127"]
[EventDate "2022.09.10"]
[EventType "swiss"]
[EventRounds "5"]
[EventCountry "CAN"]

1. e4 d6 2. d4 Nf6 3. Nc3 Nbd7 4. Nf3 e5 5. Bc4 h6 6. O-O c6 7. Be3 Be7 8. Nd2
g5 9. Nf3 Rg8 10. Qe2 Qc7 11. h4 g4 12. Nh2 h5 13. g3 Nf8 14. f3 gxf3 15. Qxf3
Ng6 16. Bg5 exd4 17. Bxf6 Bxf6 18. Qxf6 Ne5 19. Bxf7+ Nxf7 20. Ne2 c5 21. Kg2
Qd7 22. Qf5 Qe7 23. Qxh5 Qxe4+ 24. Qf3 Qe6 25. Nf4 Qf5 26. Nd5 Qh3+ 27. Kh1 Rg7
28. Nc7+ Kf8 29. Nxa8 Be6 30. Qg2 Rxg3 31. Qxh3 Bxh3 32. Rg1 Re3 33. Rae1 Bf5
34. Rxe3 dxe3 35. Re1 Be4+ 36. Kg1 d5 37. Rxe3 Nd6 38. Nc7 Kf7 39. Ng4 d4 40.
Re2 a6 41. Ne5+ Ke7 42. Nc4 Nxc4 43. Rxe4+ Kd6 44. Ne8+ Kd5 45. Nf6+ Kd6 46. h5
Nd2 47. h6 Nf3+ 48. Kf2 Ng5 49. h7 Nf7 50. Re8 c4 51. h8=Q Nxh8 52. Rxh8 Ke5
53. Re8+ Kxf6 54. Re4 d3 55. Rxc4 b5 56. Rc6+ Ke5 57. cxd3 Kf5 58. Rxa6 Ke5 59.
Ke3 Kd5 60. d4 Kc4 61. Ke4 b4 62. Ra4 Kb5 63. Rxb4+ Kxb4 64. Kd5 1-0

[Event "Horse and Buggy 2 U2000"]
[Site "Elmira CAN"]
[Date "2022.09.11"]
[Round "5.19"]
[White "Guliyev, Nadir"]
[Black "Coulthard, Aaron"]
[Result "1-0"]
[WhiteElo "1530"]
[BlackElo "1489"]
[PlyCount "89"]
[EventDate "2022.09.10"]
[EventType "swiss"]
[EventRounds "5"]
[EventCountry "CAN"]

1. d4 d5 2. c4 e6 3. Nc3 Nf6 4. cxd5 exd5 5. Bg5 c6 6. e3 h6 7. Bh4 Bf5 8. Qf3
Bg6 9. Bxf6 Qxf6 10. Qxf6 gxf6 11. Nf3 Nd7 12. Be2 Bd6 13. Nh4 f5 14. Bd3 f4
15. Nxg6 fxg6 16. Bxg6+ Ke7 17. Bd3 fxe3 18. fxe3 Rae8 19. O-O-O Kd8 20. e4
dxe4 21. Nxe4 Bf4+ 22. Kb1 Nb6 23. Rhf1 Be3 24. Nd6 Bxd4 25. Nxe8 Rxe8 26. Bg6
c5 27. Bxe8 Kxe8 28. Rde1+ Kd7 29. Rf7+ Kd6 30. Ree7 Na4 31. Rxb7 a5 32. Kc2
Kc6 33. Rfc7+ Kd5 34. Rd7+ Kc6 35. Rxd4 cxd4 36. Rh7 Kd5 37. Rxh6 Ke4 38. Rh3
Nc5 39. Ra3 a4 40. b4 axb3+ 41. axb3 Ke3 42. Kd1 Ne4 43. b4+ d3 44. b5 Kd4 45.
Ra4+ 1-0

[Event "Horse and Buggy 2 U2000"]
[Site "Elmira CAN"]
[Date "2022.09.11"]
[Round "5.20"]
[White "Patil, Tanishq"]
[Black "Armstrong, Robert J"]
[Result "0-1"]
[WhiteElo "1017"]
[BlackElo "1595"]
[PlyCount "78"]
[EventDate "2022.09.10"]
[EventType "swiss"]
[EventRounds "5"]
[EventCountry "CAN"]

1. d4 f5 2. Bf4 Nf6 3. e3 e6 4. Nd2 Be7 5. Ngf3 O-O 6. Bd3 d6 7. Qe2 Nd5 8.
O-O-O Nb4 9. a3 Nxd3+ 10. Qxd3 a6 11. Rhg1 b5 12. g4 fxg4 13. Rxg4 e5 14. Ng5
Bf5 15. Qb3+ d5 16. Bxe5 Bxg4 17. Rg1 Bxg5 18. Rxg4 Bf6 19. e4 Bxe5 20. dxe5 c6
21. e6 Qe7 22. exd5 Kh8 23. Ne4 cxd5 24. Qxd5 Ra7 25. Ng5 Rf6 26. Kb1 h6 27.
Ne4 Rxe6 28. Qd4 Rd7 29. Qe3 Qf7 30. Qg3 Rd1+ 31. Ka2 Rxe4+ 32. b3 Rxg4 33.
Qxg4 Rd8 34. Qh4 Qc7 35. Kb2 Qe5+ 36. Ka2 Rd1 37. b4 Qc3 38. Qd8+ Rxd8 39. f4
Rd1 0-1

[Event "Horse and Buggy 2 U2000"]
[Site "Elmira CAN"]
[Date "2022.09.11"]
[Round "5.21"]
[White "Guan, Marie"]
[Black "Steinhauser, Oscar"]
[Result "0-1"]
[WhiteElo "964"]
[BlackElo "1594"]
[PlyCount "96"]
[EventDate "2022.09.10"]
[EventType "swiss"]
[EventRounds "5"]
[EventCountry "CAN"]

1. e4 d6 2. d4 Nf6 3. Nc3 g6 4. Be3 Bg7 5. Qd2 O-O 6. f3 Nbd7 7. O-O-O c6 8. g4
b5 9. h4 Qc7 10. h5 Rd8 11. hxg6 fxg6 12. Qh2 e5 13. g5 Nh5 14. f4 exd4 15.
Bxd4 Nb6 16. Be2 b4 17. Bxg7 Qxg7 18. Nb1 Na4 19. e5 Bf5 20. Bc4+ d5 21. Bd3
Bxd3 22. Rxd3 c5 23. f5 c4 24. f6 Qd7 25. Rd4 Qf5 26. Nh3 Nc5 27. Re1 Ne6 28.
Rd2 Nxg5 29. Nxg5 Qxg5 30. Rg1 Qe3 31. Rgg2 Nf4 32. Rgf2 c3 33. bxc3 bxc3 34.
Qxf4 cxd2+ 35. Nxd2 Qe1+ 36. Kb2 Rab8+ 37. Nb3 Kf7 38. Ka3 Re8 39. Rh2 h5 40.
Qh6 Qxe5 41. Qg7+ Ke6 42. Re2 Qxe2 43. Nd4+ Kd6 44. Nxe2 Re3+ 45. Ka4 Kc5 46.
a3 Re4+ 47. Ka5 Rb5+ 48. Ka6 Ra4# 0-1

[Event "Intermat 31st (online)"]
[Site "chess.com"]
[Date "2022.04.23"]
[Round "1.1"]
[White "Yun, Daniel D."]
[Black "Ng, Amelia"]
[Result "1-0"]
[WhiteElo "1126"]
[BlackElo "303"]
[PlyCount "61"]
[EventDate "2022.04.23"]
[EventType "match"]
[EventRounds "2"]
[EventCountry "CAN"]
[WhiteTeam "WA"]
[BlackTeam "BC"]

1. e4 d5 2. exd5 e6 3. dxe6 fxe6 4. Nf3 e5 5. Nxe5 Nc6 6. Nxc6 bxc6 7. Bc4 Qe7+
8. Qe2 Be6 9. Qxe6 Qxe6+ 10. Bxe6 Ke7 11. Bxg8 Rxg8 12. O-O Rd8 13. Re1+ Kd7
14. d3 Rb8 15. Nc3 Rb4 16. a3 Rc4 17. dxc4 Bb4 18. axb4 c5 19. bxc5 Kc6 20.
Rxa7 Kxc5 21. Rxc7+ Kd4 22. Ree7 g5 23. Rxh7 g4 24. Rhg7 Re8 25. Rxg4+ Ke5 26.
Re4+ Kf5 27. Rxe8 Kf6 28. Rce7 Kg6 29. Rf8 Kh5 30. Rg7 Kh4 31. Rh8# 1-0

[Event "Intermat 31st (online)"]
[Site "chess.com"]
[Date "2022.04.23"]
[Round "1.2"]
[White "Yuan, Chen"]
[Black "Thakare, Arjun"]
[Result "1-0"]
[WhiteElo "519"]
[BlackElo "319"]
[PlyCount "55"]
[EventDate "2022.04.23"]
[EventType "match"]
[EventRounds "2"]
[EventCountry "CAN"]
[WhiteTeam "WA"]
[BlackTeam "BC"]

1. e4 e5 2. Nf3 Bb4 3. Nxe5 Qg5 4. Nf3 Qd8 5. Nc3 Bc5 6. Bc4 Nc6 7. d3 Na5 8.
a3 Nf6 9. b4 O-O 10. bxa5 Nh5 11. Nd2 Nf4 12. O-O b6 13. axb6 axb6 14. Nb3 Qf6
15. Bxf4 Qc6 16. Nxc5 Qxc5 17. Be3 Qe7 18. Nd5 Qd8 19. Qg4 b5 20. Bxb5 Ra5 21.
Bc4 Rc5 22. Bg5 Rxc4 23. Bxd8 Rxc2 24. Nf6+ Kh8 25. Be7 Rg8 26. Nxg8 Kxg8 27.
Bf6 Ba6 28. Qxg7# 1-0

[Event "Intermat 31st (online)"]
[Site "chess.com"]
[Date "2022.04.23"]
[Round "1.3"]
[White "Bharadwaj, Samarth"]
[Black "Cui, Sky"]
[Result "1/2-1/2"]
[WhiteElo "1439"]
[BlackElo "1155"]
[PlyCount "41"]
[EventDate "2022.04.23"]
[EventType "match"]
[EventRounds "2"]
[EventCountry "CAN"]
[WhiteTeam "WA"]
[BlackTeam "BC"]

1. d4 Nf6 2. c4 e6 3. Nf3 b6 4. Nc3 Bb4 5. Qc2 Bb7 6. Bg5 O-O 7. e3 h6 8. Bh4
d6 9. Bd3 Nbd7 10. a3 Bxc3+ 11. Qxc3 c5 12. O-O Rc8 13. Qd2 Qc7 14. Rac1 Bxf3
15. gxf3 Qb7 16. e4 cxd4 17. Kh1 Rc5 18. Rg1 Rh5 19. Bg3 e5 20. Rce1 Nc5 21.
Bc2 1/2-1/2